[Event "Oberliga Nord O 1920"]
[Site "Germany"]
[Date "2021.08.14"]
[Round "8.8"]
[White "Fuchs, Dominik"]
[Black "Freude, Max"]
[Result "1-0"]
[WhiteElo "1966"]
[BlackElo "1836"]
[PlyCount "111"]
[EventDate "2019.09.29"]
[EventType "team-tourn"]
[EventRounds "9"]
[EventCountry "GER"]
[SourceTitle "EXT 2023"]
[Source "ChessBase"]
[SourceDate "2022.10.05"]
[SourceVersion "1"]
[SourceVersionDate "2022.10.05"]
[SourceQuality "1"]
[WhiteTeam "Spandau Zitadelle"]
[BlackTeam "Berlin Empor"]
[WhiteTeamCountry "GER"]
[BlackTeamCountry "GER"]

1. d4 Nf6 2. c4 e6 3. Nc3 Bb4 4. Qc2 0-0 5. a3 Bxc3+ 6. Qxc3 d5 7. Bg5 Nbd7 8. e3 b6 9. cxd5 exd5 10. Qc6 Rb8 11. Rc1 Bb7 12. Qxc7 Qxc7 13. Rxc7 Rfc8 14. Rxc8+ Rxc8 15. Kd1 Bc6 16. Bd3 Ne4 17. Nh3 f6 18. Bf4 g5 19. Bg3 Ba4+ 20. Ke2 h6 21. f3 Nxg3+ 22. hxg3 Nf8 23. Nf2 Kg7 24. Kd2 Ne6 25. Bf5 Bd7 26. g4 Rc7 27. Rc1 Rxc1 28. Kxc1 Kf7 29. Nh1 Bb5 30. Bxe6+ Kxe6 31. Ng3 Bd3 32. Kd2 Bg6 33. e4 a6 34. Ke3 b5 35. b4 Kd7 36. Nf5 h5 37. gxh5 Bxh5 38. exd5 Bg6 39. Ke4 Bh7 40. g4 Bg6 41. d6 Bf7 42. Nh6 Bg6+ 43. Kd5 Bc2 44. Kc5 Bd1 45. Ng8 Bxf3 46. Nxf6+ Ke6 47. d7 Ke7 48. Kb6 Kd8 49. Kxa6 Be2 50. Kb6 Bf1 51. Kc5 Be2 52. Kd5 Bc4+ 53. Ke5 Bd3 54. Ke6 Bc2 55. Kf7 Bd3 56. Kg7 1-0

[Event "Oberliga Nord O 1920"]
[Site "Germany"]
[Date "2020.01.19"]
[Round "5.7"]
[White "Perlick, Eberhard"]
[Black "Fuchs, Dominik"]
[Result "0-1"]
[WhiteElo "1958"]
[BlackElo "1967"]
[PlyCount "72"]
[EventDate "2019.09.29"]
[EventType "team-tourn"]
[EventRounds "9"]
[EventCountry "GER"]
[SourceTitle "CBM 195 Extra"]
[Source "ChessBase"]
[SourceDate "2020.05.31"]
[SourceVersion "1"]
[SourceVersionDate "2020.05.31"]
[SourceQuality "1"]

1. d4 d5 2. Nc3 Nf6 3. Bg5 c5 4. e3 Nc6 5. Nf3 Bg4 6. Be2 e6 7. 0-0 Bxf3 8. Bxf3 cxd4 9. exd4 Qb6 10. Bxf6 gxf6 11. Ne2 Qxb2 12. Rb1 Qxa2 13. Rxb7 Bg7 14. Nf4 0-0 15. Nh5 Qc4 16. c3 Qxc3 17. Bxd5 Nxd4 18. Qg4 Ne2+ 19. Qxe2 exd5 20. Nxg7 Kxg7 21. Rfb1 Rfe8 22. Qg4+ Kh8 23. h3 Re1+ 24. Rxe1 Qxe1+ 25. Kh2 Qe6 26. Qa4 a5 27. Rb5 Qe5+ 28. g3 Qe4 29. Qa1 d4 30. Rxa5 Rxa5 31. Qxa5 d3 32. Qd2 Qe2 33. Qh6 Qxf2+ 34. Kh1 Kg8 35. Qh5 Qf1+ 36. Kh2 Qe2+ 0-1

[Event "Berlin Spandau op"]
[Site "Berlin"]
[Date "2019.12.30"]
[Round "7"]
[White "Fuchs, Dominik"]
[Black "Bui, Bao Anh Le"]
[Result "0-1"]
[WhiteElo "1967"]
[BlackElo "2078"]
[PlyCount "158"]
[EventDate "2019.12.27"]
[EventType "swiss"]
[EventRounds "7"]
[EventCountry "GER"]
[SourceTitle "CBM 194 Extra"]
[Source "ChessBase"]
[SourceDate "2020.03.31"]
[SourceVersion "1"]
[SourceVersionDate "2020.03.31"]
[SourceQuality "1"]

1. e4 c5 2. Nf3 d6 3. d4 cxd4 4. Nxd4 Nf6 5. Nc3 a6 6. Be2 e5 7. Nb3 Be7 8. 0-0 Be6 9. f4 exf4 10. Bxf4 Nc6 11. Qe1 Ne5 12. Rd1 Ng6 13. Bg3 Qc7 14. Nd4 b5 15. Nd5 Bxd5 16. exd5 0-0 17. Nf5 Rfe8 18. c3 Bf8 19. Nh6+ Kh8 20. Qf2 Ra7 21. Bd3 Qc5 22. Qxc5 dxc5 23. d6 Rd8 24. Bxg6 hxg6 25. Be5 Kh7 26. Bxf6 gxf6 27. Ng4 f5 28. Ne5 Rxd6 29. g4 f6 30. Rxd6 Bxd6 31. Nd3 c4 32. Nf2 Bc5 33. gxf5 gxf5 34. Rd1 Kg6 35. Kg2 Re7 36. Rd2 f4 37. Kf3 Kf5 38. Ng4 Be3 39. Rd5+ Ke6 40. Nxe3 fxe3 41. Rd1 Kf5 42. Re1 Rh7 43. Kxe3 Rxh2 44. b3 Rh3+ 45. Kd4 Rd3+ 46. Kc5 Rxc3 47. Kb4 Rc2 48. Rf1+ Ke6 49. Re1+ Kf7 50. a4 Rb2 51. axb5 Rxb3+ 52. Kxc4 Rxb5 53. Ra1 Rb6 54. Kd4 Re6 55. Ra2 f5 56. Ra5 Kf6 57. Ra1 f4 58. Ra5 Kg6 59. Kd3 f3 60. Kd2 f2 61. Ra1 Rf6 62. Ke2 a5 63. Kf1 Rf5 64. Ra4 Kf6 65. Rh4 Ke5 66. Rh8 Kd4 67. Rc8 Kd3 68. Rc7 Rf4 69. Ra7 a4 70. Rc7 Kd2 71. Rc8 Rf3 72. Ra8 a3 73. Rc8 Rc3 74. Ra8 Kc2 75. Kxf2 Kb2 76. Ke2 a2 77. Kd2 Rb3 78. Rf8 a1Q 79. Rf1 Qa5+ 0-1

[Event "Berlin Lichtenrade op 15th"]
[Site "Berlin"]
[Date "2019.10.19"]
[Round "8"]
[White "Fuchs, Dominik"]
[Black "Nohr, Jonas"]
[Result "1-0"]
[WhiteElo "1939"]
[BlackElo "2124"]
[PlyCount "73"]
[EventDate "2019.10.12"]
[EventType "swiss"]
[EventRounds "9"]
[EventCountry "GER"]
[SourceTitle "CBM 195 Extra"]
[Source "ChessBase"]
[SourceDate "2020.05.31"]
[SourceVersion "1"]
[SourceVersionDate "2020.05.31"]
[SourceQuality "1"]

1. e4 b6 2. d4 Bb7 3. Bd3 g6 4. Nf3 Bg7 5. 0-0 d6 6. c4 Nd7 7. Re1 e5 8. d5 Ne7 9. Be3 0-0 10. Nc3 Nc5 11. b4 Nxd3 12. Qxd3 h6 13. Nd2 f5 14. f3 Bc8 15. c5 f4 16. Bf2 g5 17. a4 Qe8 18. Nb5 Ba6 19. cxd6 cxd6 20. Rec1 Qd7 21. Qa3 Rac8 22. Rxc8 Rxc8 23. Nxa7 Qxa7 24. b5 Rc2 25. Qd3 Rxd2 26. Qxd2 Bxb5 27. Qb4 Be8 28. Qxd6 Bf8 29. Qe6+ Bf7 30. Qxb6 Qa8 31. a5 Nxd5 32. exd5 Bxd5 33. Rc1 Bf7 34. a6 e4 35. Qb7 Qd8 36. Qxe4 Qa5 37. a7 1-0

[Event "Berlin Lichtenrade op 15th"]
[Site "Berlin"]
[Date "2019.10.17"]
[Round "6"]
[White "Krefenstein, Sergej"]
[Black "Fuchs, Dominik"]
[Result "1-0"]
[WhiteElo "2139"]
[BlackElo "1939"]
[PlyCount "63"]
[EventDate "2019.10.12"]
[EventType "swiss"]
[EventRounds "9"]
[EventCountry "GER"]
[SourceTitle "CBM 192 Extra"]
[Source "Chessbase"]
[SourceDate "2019.11.06"]
[SourceVersion "1"]
[SourceVersionDate "2019.11.06"]
[SourceQuality "1"]

1. e4 e5 2. Nf3 Nc6 3. Bc4 Bc5 4. c3 Nf6 5. d3 a6 6. Bb3 Ba7 7. Nbd2 0-0 8. h3 d6 9. Nf1 d5 10. Qe2 h6 11. g4 dxe4 12. dxe4 Be6 13. g5 Nh5 14. gxh6 g6 15. Bg5 Qd7 16. Rd1 Qe8 17. h4 Bxb3 18. axb3 f5 19. Ng3 fxe4 20. Qxe4 Nf6 21. Qc4+ Qf7 22. Bxf6 Qxc4 23. h7+ Kxh7 24. bxc4 Rxf6 25. Ng5+ Kg8 26. N3e4 Rff8 27. Rd7 Rae8 28. Rxc7 Re7 29. Rxe7 Nxe7 30. Ke2 Rb8 31. Rd1 Nf5 32. Rd7 1-0

[Event "Berlin Lichtenberger op 18th"]
[Site "Berlin"]
[Date "2019.08.24"]
[Round "8"]
[White "Fuchs, Dominik"]
[Black "Simon, Ralf Axel"]
[Result "0-1"]
[WhiteElo "1887"]
[BlackElo "2131"]
[PlyCount "100"]
[EventDate "2019.08.17"]
[EventType "swiss"]
[EventRounds "9"]
[EventCountry "GER"]
[SourceTitle "EXT 2020"]
[Source "ChessBase"]
[SourceDate "2019.10.17"]
[SourceVersion "1"]
[SourceVersionDate "2019.10.17"]
[SourceQuality "1"]

1. e4 c5 2. Nf3 d6 3. d4 cxd4 4. Nxd4 Nf6 5. Nc3 a6 6. h3 g6 7. g4 Bg7 8. Bg2 0-0 9. 0-0 Nc6 10. Nxc6 bxc6 11. e5 dxe5 12. Bxc6 Rb8 13. Qf3 e6 14. Rb1 Qc7 15. Bg5 Rb6 16. Ba8 Bd7 17. Bxf6 Bxf6 18. Rfd1 Be7 19. Qe3 Rfb8 20. b3 Bc6 21. Bxc6 Rxc6 22. Na4 Rxc2 23. Rbc1 Rxc1 24. Rxc1 Qd6 25. Qa7 Bg5 26. Rc7 Qd1+ 27. Kg2 Qd5+ 28. Kg1 Qd1+ 29. Kg2 Qd5+ 30. Kg1 Ra8 31. Qc5 Rd8 32. Qa7 Qf3 33. Rd7 Rxd7 34. Qxd7 Qxh3 35. Qc8+ Kg7 36. Qxa6 Bf4 37. Qa7 Bh2+ 38. Kh1 Bf4+ 39. Kg1 Qxg4+ 40. Kf1 Qd1+ 41. Kg2 e4 42. Nc5 Qf3+ 43. Kg1 Qg4+ 44. Kf1 e3 45. Qd7 Qf3 46. Nd3 Qd1+ 47. Kg2 e2 48. Qd4+ e5 49. Qe4 Qxd3 50. Qxd3 e1N+ 0-1

[Event "Berlin Spandau op"]
[Site "Berlin"]
[Date "2017.12.29"]
[Round "5"]
[White "Fuchs, Dominik"]
[Black "Niering, Martin"]
[Result "1-0"]
[WhiteElo "1915"]
[BlackElo "2214"]
[PlyCount "83"]
[EventDate "2017.12.27"]
[EventType "swiss"]
[EventRounds "7"]
[EventCountry "GER"]
[SourceTitle "CBM 182 Extra"]
[Source "ChessBase"]
[SourceDate "2018.02.23"]
[SourceVersion "1"]
[SourceVersionDate "2018.02.23"]
[SourceQuality "1"]

1. d4 Nf6 2. c4 c5 3. d5 e6 4. Nc3 exd5 5. cxd5 Bd6 6. e4 0-0 7. Bd3 Bc7 8. Nf3 d6 9. 0-0 a6 10. a4 Bg4 11. h3 Bh5 12. g4 Bg6 13. g5 Nh5 14. Nh4 f6 15. Qg4 Nd7 16. f4 Bf7 17. g6 hxg6 18. Nxg6 Bxg6 19. Qxg6 Qe8 20. e5 Qxg6+ 21. Bxg6 Nxf4 22. Bxf4 dxe5 23. Be3 Rfd8 24. Bf5 b6 25. Kh1 Nf8 26. Rg1 Kf7 27. Rg2 g6 28. Rag1 gxf5 29. Rg7+ Ke8 30. Rxc7 Rd7 31. Rc6 Rh7 32. Kh2 f4 33. Bf2 Ke7 34. Rxb6 Nd7 35. Re6+ Kf7 36. Ne4 c4 37. Nd6+ Kf8 38. Nxc4 Rb8 39. Nb6 f5 40. Rgg6 Rb7 41. Nxd7+ Rhxd7 42. Bc5+ 1-0

[Event "Berlin Spandau op"]
[Site "Berlin"]
[Date "2017.12.29"]
[Round "6"]
[White "Gebigke, Martin"]
[Black "Fuchs, Dominik"]
[Result "1-0"]
[WhiteElo "2111"]
[BlackElo "1915"]
[PlyCount "61"]
[EventDate "2017.12.27"]
[EventType "swiss"]
[EventRounds "7"]
[EventCountry "GER"]
[SourceTitle "CBM 182 Extra"]
[Source "ChessBase"]
[SourceDate "2018.02.23"]
[SourceVersion "1"]
[SourceVersionDate "2018.02.23"]
[SourceQuality "1"]

1. d4 Nf6 2. c4 e6 3. Nc3 Bb4 4. e3 0-0 5. Bd3 c5 6. Nf3 d5 7. 0-0 Nc6 8. a3 Bxc3 9. bxc3 Qc7 10. cxd5 exd5 11. a4 Re8 12. Ba3 c4 13. Bc2 Ne4 14. Bb2 Bg4 15. Qe1 Bxf3 16. gxf3 Ng5 17. Qe2 Re6 18. Kh1 Nh3 19. Qd2 Rae8 20. Rae1 Qe7 21. Bf5 Rh6 22. f4 g6 23. Bc2 Qh4 24. f3 Ne7 25. e4 Nxf4 26. Bc1 g5 27. exd5 Kf8 28. Ba3 Nfxd5 29. Re5 Rd8 30. Be4 Ke8 31. Bxd5 1-0

[Event "Berlin Lichtenberger op 16th"]
[Site "Berlin"]
[Date "2017.08.23"]
[Round "5"]
[White "Fuchs, Dominik"]
[Black "Bender, Sebastian1"]
[Result "1/2-1/2"]
[WhiteElo "1865"]
[BlackElo "1876"]
[PlyCount "92"]
[EventDate "2017.08.19"]
[EventType "swiss"]
[EventRounds "9"]
[EventCountry "GER"]
[SourceTitle "CBM 180 Extra"]
[Source "ChessBase"]
[SourceDate "2017.10.06"]
[SourceVersion "1"]
[SourceVersionDate "2017.10.06"]
[SourceQuality "1"]

1. e4 c5 2. c3 d5 3. exd5 Qxd5 4. d4 g6 5. Nf3 Bg7 6. dxc5 Qxc5 7. Be3 Qc7 8. Nd4 a6 9. Nd2 Nf6 10. Be2 0-0 11. 0-0 e5 12. N4b3 Nc6 13. a4 b6 14. Nc4 Rb8 15. a5 bxa5 16. Bc5 Rd8 17. Bd6 Qa7 18. Bxb8 Qxb8 19. Qc2 Bf5 20. Qc1 Qxb3 21. Nxa5 Nxa5 22. Rxa5 Qc2 23. Qxc2 Bxc2 24. Bxa6 Bb3 25. c4 Ne4 26. f3 Nd2 27. Rc1 e4 28. Kf2 Bxb2 29. Re1 Bd4+ 30. Kg3 Nxc4 31. Bxc4 Bxc4 32. Rxe4 Bb6 33. Ra4 Be6 34. Re2 Rd5 35. h4 h5 36. Rb4 Bc7+ 37. Kf2 Rd1 38. Rb7 Bd6 39. Rbb2 Bc5+ 40. Kg3 Kg7 41. Rbd2 Rf1 42. Re4 Bb6 43. f4 Ba5 44. Rb2 Be1+ 45. Kh2 Bxh4 46. f5 Bxf5 1/2-1/2

[Event "Berlin Lichtenberger op 16th"]
[Site "Berlin"]
[Date "2017.08.22"]
[Round "4"]
[White "Kretzschmar, Jan"]
[Black "Fuchs, Dominik"]
[Result "1/2-1/2"]
[WhiteElo "1819"]
[BlackElo "1865"]
[PlyCount "94"]
[EventDate "2017.08.19"]
[EventType "swiss"]
[EventRounds "9"]
[EventCountry "GER"]
[SourceTitle "CBM 180 Extra"]
[Source "ChessBase"]
[SourceDate "2017.10.06"]
[SourceVersion "1"]
[SourceVersionDate "2017.10.06"]
[SourceQuality "1"]

1. d4 Nf6 2. Nf3 e6 3. c4 Bb4+ 4. Bd2 c5 5. g3 b6 6. Bxb4 cxb4 7. Bg2 Bb7 8. 0-0 0-0 9. Nbd2 d6 10. Nb3 Qe7 11. e3 Nbd7 12. Nfd2 Bxg2 13. Kxg2 Rac8 14. a3 bxa3 15. Rxa3 Rc7 16. Qa1 a5 17. Nc1 d5 18. b3 Ne8 19. Ne2 dxc4 20. bxc4 Nd6 21. Rc1 Rfc8 22. Rac3 e5 23. Ng1 Ne4 24. Nxe4 exd4 25. exd4 Qxe4+ 26. Nf3 g5 27. Re1 Qa8 28. Qc1 f6 29. g4 b5 30. c5 b4 31. Rd3 Qd5 32. Qb1 Nf8 33. Qb3 Qxb3 34. Rxb3 Ng6 35. Ra1 Nf4+ 36. Kg3 Ra7 37. Rxb4 axb4 38. Rxa7 Rb8 39. c6 Nd5 40. Rb7 Rc8 41. Rb5 Nc3 42. Rxb4 Rxc6 43. Kg2 Ra6 44. Rb2 Ra1 45. Rd2 Ne4 46. Re2 Nc3 47. Rd2 Ne4 1/2-1/2

[Event "GER-chT U20"]
[Site "Osnabrueck"]
[Date "2015.12.27"]
[Round "1.5"]
[White "Fuchs, Dominik"]
[Black "Schwiddessen, Jan"]
[Result "0-1"]
[WhiteElo "1600"]
[BlackElo "1893"]
[PlyCount "58"]
[EventDate "2015.12.27"]
[EventType "team-swiss"]
[EventRounds "7"]
[EventCountry "GER"]
[SourceTitle "EXT 2017"]
[Source "ChessBase"]
[SourceDate "2016.10.25"]
[SourceVersion "1"]
[SourceVersionDate "2016.10.25"]
[SourceQuality "1"]
[WhiteTeam "Spandau Zitadelle"]
[BlackTeam "Brackel"]
[WhiteTeamCountry "GER"]
[BlackTeamCountry "GER"]

1. e4 c5 2. c3 d5 3. exd5 Nf6 4. d4 Qxd5 5. Nf3 cxd4 6. cxd4 e6 7. Nc3 Bb4 8. Qa4+ Nc6 9. Bb5 Bd7 10. 0-0 Qd6 11. Ne5 0-0 12. Nxd7 Nxd7 13. a3 Nb6 14. Qd1 Bxc3 15. bxc3 Rac8 16. Qg4 Ne7 17. Bf4 Qd5 18. Bd3 Rxc3 19. Be5 f6 20. Be4 Qd7 21. Bf4 f5 22. Qg5 fxe4 23. Rfe1 Ng6 24. Bd2 Rf5 25. Qg4 Rc2 26. Qd1 Qc6 27. Re3 e5 28. Qe1 Nc4 29. Re2 exd4 0-1

[Event "Potsdam Christmas 34th"]
[Site "Potsdam"]
[Date "2009.12.29"]
[Round "5.34"]
[White "Reyher, Susan"]
[Black "Fuchs, Dominik"]
[Result "1-0"]
[WhiteElo "999"]
[BlackElo "1354"]
[PlyCount "113"]
[EventDate "2009.12.27"]
[EventType "swiss"]
[EventRounds "7"]
[EventCountry "GER"]
[SourceTitle "EXT 2022"]
[Source "ChessBase"]
[SourceDate "2021.10.06"]
[SourceVersion "1"]
[SourceVersionDate "2021.10.06"]
[SourceQuality "1"]

1. e4 c6 2. d4 d5 3. Nc3 dxe4 4. Nxe4 Bf5 5. Nc3 Nf6 6. Nf3 e6 7. Bf4 Bb4 8. a3 Bxc3+ 9. bxc3 Nd5 10. Qd2 Qa5 11. Bd6 Qxc3 12. Qxc3 Nxc3 13. Bb4 Ne4 14. Bd3 a5 15. Bd2 0-0 16. 0-0 Rd8 17. Be3 Nd7 18. Rad1 Nc3 19. Rd2 Be4 20. Bxe4 Nxe4 21. Rd3 c5 22. dxc5 Ndxc5 23. Bxc5 Rxd3 24. cxd3 Nxc5 25. d4 Na4 26. Rc1 b5 27. Rb1 Nc3 28. Rb3 Rc8 29. h3 Rc4 30. Ne5 Rxd4 31. Rxc3 g6 32. Nf3 Rd1+ 33. Kh2 Ra1 34. Nd4 b4 35. axb4 axb4 36. Rb3 Ra2 37. f3 e5 38. Nc6 f6 39. Rxb4 Rc2 40. Na5 f5 41. Nc4 e4 42. fxe4 fxe4 43. Ne3 Re2 44. Rxe4 Kg7 45. Kg3 Kh6 46. Kf3 Ra2 47. Rh4+ Kg7 48. Rg4 Kh6 49. Rf4 Kh5 50. g4+ Kh4 51. Rf7 h5 52. gxh5 g5 53. h6 Rh2 54. h7 Rxh3+ 55. Ke4 Rf3 56. h8Q+ Kg3 57. Rxf3# 1-0

[Event "Gleisdorfer Jugendschach"]
[Site "Gleisdorf"]
[Date "2009.09.19"]
[Round "3.4"]
[White "Rosenberger, Stefan"]
[Black "Fuchs, Dominik"]
[Result "1-0"]
[WhiteElo "1200"]
[BlackElo "1200"]
[PlyCount "73"]
[EventDate "2009.09.18"]
[EventType "swiss"]
[EventRounds "5"]
[EventCountry "AUT"]
[SourceTitle "EXT 2024"]
[Source "ChessBase"]
[SourceDate "2023.10.10"]
[SourceVersion "1"]
[SourceVersionDate "2023.10.10"]
[SourceQuality "1"]

1. e4 e5 2. Nf3 Nc6 3. Bc4 Nf6 4. Nc3 Bc5 5. d3 Bb6 6. Be3 0-0 7. Bxb6 axb6 8. Bd5 Nxd5 9. Nxd5 Re8 10. 0-0 Re6 11. Qe1 Qf8 12. Ng5 Rg6 13. Nxc7 Ra5 14. Nf3 Qd8 15. Nd5 d6 16. b4 Ra4 17. a3 Nd4 18. Nxd4 Qg5 19. g3 Bh3 20. Nxb6 Ra6 21. Nf3 Qd8 22. Nh4 Rg4 23. Ng2 Rxb6 24. Qe3 h5 25. Rab1 Rc6 26. c4 Bxg2 27. Kxg2 Rh4 28. gxh4 Qxh4 29. Qg3 Qf6 30. b5 h4 31. Qf3 Qg6+ 32. Kh1 Rc7 33. Qh3 Re7 34. Rg1 Qf6 35. f3 Qf4 36. Qg2 Re6 37. Qxg7# 1-0

[Event "Gleisdorfer Jugendschach"]
[Site "Gleisdorf"]
[Date "2009.09.18"]
[Round "1.1"]
[White "Ofner, Maximilian"]
[Black "Fuchs, Dominik"]
[Result "1-0"]
[WhiteElo "1569"]
[BlackElo "1200"]
[PlyCount "33"]
[EventDate "2009.09.18"]
[EventType "swiss"]
[EventRounds "5"]
[EventCountry "AUT"]
[SourceTitle "EXT 2024"]
[Source "ChessBase"]
[SourceDate "2023.10.10"]
[SourceVersion "1"]
[SourceVersionDate "2023.10.10"]
[SourceQuality "1"]

1. e4 e5 2. Nf3 Nc6 3. c3 Nf6 4. d4 Bd6 5. Bg5 0-0 6. Bb5 h6 7. Bxf6 gxf6 8. 0-0 a6 9. Bxc6 bxc6 10. Qd2 Rb8 11. b3 Ba3 12. Nxa3 d6 13. Qxh6 exd4 14. cxd4 Qe8 15. e5 fxe5 16. Ng5 Rb4 17. Qh7# 1-0